000 00574nam a2200169 a 4500
001 000042793
005 20201002040412.0
008 140210s2011 dr 000 0 spa d
020 _a9789945475081
100 1 _aArnaiz, Francisco José
_96960
245 1 0 _aCuando nosotros decíamos paz, ellos gritaban guerra. /
_cFrancisco José Arnaiz.
260 _aSanto Domingo, :
_bDirección General de la Feria del Libro,
_c2011.
300 _a173 p. ;
_c26 cm.
_aBNPHU :
_bspa ;
_cBNPHU.
490 1 _aEdiciones Ferilibro
830 0 _aEdiciones Ferilibro
_9150
999 _c42282
_d42282
040 _aDO-SdBNP